| 000 | 01654nam a2200205 4500 | ||
|---|---|---|---|
| 008 | 170323b xxu||||| |||| 00| 0 eng d | ||
| 082 |
_22008 _aAV-DVD 617.4809222 _bE41 |
||
| 100 |
_919478 _aEl-Hai, Jack |
||
| 245 |
_aThe lobotomist : _bsometimes medicine is a stab in the dark/ _cJack El-Hai; Barak Goodman; Campbell Scott |
||
| 260 |
_aBoston, MA : _bWGBH Educational Foundation, _c2008. |
||
| 300 |
_a1 videodisc _bsd., col. with b&w sequences ; _c4 3/4 in. _fDVD, region 1, Dolby Digital 5.1 surround. _gwidescreen (16:9, enhanced) presentation; |
||
| 306 | _a60 min. | ||
| 520 | _a"Lobotomy was hailed by The New York Times as 'surgery of the soul', a groundbreaking medical procedure that promised hope to the most distressed mentally ill patients and their families. But what began as an operation of last resort was soon being performed at some fifty state asylums, often with devastating results. Little more than a decade after his rise to fame, Walter Freeman, the neurologist who championed the procedure, was decried as a moral monster, and lobotomy one of the most barbaric mistakes of modern medicine. Through interviews with Dr. Freeman's former patients and their families, his students, and medical historians, this program offers an unprecendented look at one of the darkest chapters in psychiatric history" | ||
| 650 | 0 |
_919479 _aDepression, Mental -- Surgery -- United States -- History -- 20th century. |
|
| 650 | 0 |
_919480 _aFreeman, Walter, 1895-1972. |
|
| 650 | 0 |
_919484 _aBrain, Surgery _zUnited States _xHistory _y20th century. |
|
| 700 |
_919485 _aGoodman, Barak |
||
| 700 |
_919486 _aScott, Campbell |
||
| 942 |
_2ddc _cAV-DVD |
||
| 999 |
_c6429 _d6429 |
||